|
|
|
|
| LEADER |
01833njm a2200445 i 4500 |
| 001 |
001522780 |
| 003 |
CZ BrMZK |
| 005 |
20160516145618.0 |
| 007 |
sd fungnnmmned |
| 008 |
160427t20152015xr rcnng b cze |
| 024 |
3 |
|
|a 8594025400539
|
| 028 |
0 |
1 |
|a HR 0102-2
|b Hurikán
|
| 040 |
|
|
|a BOA001
|b cze
|e rda
|
| 045 |
|
|
|a y1y2
|
| 072 |
|
7 |
|a 78.03
|x Vývojová období v dějinách hudby
|2 Konspekt
|9 9
|
| 080 |
|
|
|a 784.4
|2 MRF
|
| 080 |
|
|
|a (086.76)
|2 MRF
|
| 245 |
0 |
0 |
|a V muzeu lásky /
|c Jiřina Anna Jandová
|
| 264 |
|
1 |
|a [Praha] :
|b Hurikán Records
|c [2015]
|
| 264 |
|
4 |
|c ©2015
|
| 300 |
|
|
|a 1 CD audio ;
|c 12 cm
|
| 336 |
|
|
|a hraná hudba
|b prm
|2 rdacontent
|
| 337 |
|
|
|a audio
|b s
|2 rdamedia
|
| 338 |
|
|
|a audiodisk
|b sd
|2 rdacarrier
|
| 344 |
|
|
|a digital
|b optical
|2 rda
|
| 347 |
|
|
|a audio soubor
|b CD audio
|2 rda
|
| 500 |
|
|
|a Název z disku
|
| 505 |
0 |
0 |
|g V muzeu lásky --
|t Raketoplán --
|t Nejsem bludný kámen --
|t Pátý perný den --
|t Amor lásky --
|t Tvůj stín je se mnou --
|t Hříšné léto --
|t Mám strach --
|g Nejsem bludný kámen (acustic) --
|t To dáš
|g Bonusy:
|t Vezmi srdce na dlani
|g (live) --
|t V muzeu lásky (instrumental)
|
| 511 |
1 |
|
|a Zpěv: Jiřina Anna Jandová, Dalibor Janda ; recitativ: Pavel Lukeš
|
| 518 |
|
|
|a Nahráno ve studiích Hurikán records a Vintage v březnu - září 2015
|
| 648 |
|
7 |
|a 2011-2020
|7 ch460589
|
| 650 |
0 |
7 |
|a rockové písně
|7 ph224439
|y 2011-2020
|2 czenas
|
| 655 |
|
7 |
|a kompaktní desky
|7 fd201991
|2 czenas
|
| 700 |
1 |
|
|a Jandová, Jiřina Anna,
|d 1988-
|7 xx0083072
|4 sng
|
| 700 |
1 |
|
|a Janda, Dalibor,
|d 1953-
|7 jn20000401181
|4 sng
|
| 700 |
1 |
|
|a Lukeš, Pavel,
|d 1944-2021
|7 jn20000401662
|4 stl
|
| 910 |
|
|
|a BOA001
|b CDR-1367.150
|
| 990 |
|
|
|a AV
|
| 991 |
|
|
|b 201605
|
| 996 |
6 |
|
|b 2610669243
|c CDR-1367.150
|l MZK
|r Sklad / do 24 hodin
|n 0
|p p.v.
|w 001558351
|u 000010
|a 1
|e BOA001
|j MZK50
|s P
|